[Event "41st TCh-GRE"]
[Site "Rio (Achaia) GRE"]
[Date "2013.07.05"]
[Round "5.8"]
[White "Roinos,Ilias"]
[Black "Koutoukidis,P"]
[Result "0-1"]
[WhiteElo "1915"]
[BlackElo "2176"]

1.e4 c5 2.Nf3 e6 3.d4 cxd4 4.Nxd4 Nc6 5.Nc3 a6 6.g3 Qc7 7.Bg2 d6 8.O-O Be7
9.Re1 Bd7 10.Nxc6 Bxc6 11.Qg4 h5 12.Qe2 h4 13.a4 hxg3 14.hxg3 Kf8 15.a5 Rc8
16.Be3 Nf6 17.Bb6 Qd7 18.Rad1 e5 19.f4 Qg4 20.Qxg4 Nxg4 21.Re2 exf4 22.gxf4 Nf6
23.b3 Rh4 24.f5 Nh5 25.Bf3 Nf4 26.Rh2 Rxh2 27.Kxh2 Bf6 28.Bd4 Be5 29.Bxe5 dxe5
30.Nb1 Ke7 31.c4 Rh8+ 32.Kg1 Nh3+ 33.Kg2 Ng5 34.Nd2 Rd8 35.Kf2 Nxe4+ 36.Nxe4 Rxd1
37.Bxd1 Bxe4 38.Bf3 Bxf3 39.Kxf3 g5 40.fxg6 fxg6 41.Ke4 Ke6 42.b4 g5 43.b5 g4
44.c5 Kd7 45.Kxe5  0-1

[Event "41st TCh-GRE"]
[Site "Rio (Achaia) GRE"]
[Date "2013.07.05"]
[Round "5.1"]
[White "Papadopoulos,I"]
[Black "Brunello,S"]
[Result "0-1"]
[WhiteElo "2415"]
[BlackElo "2593"]

1.e4 c5 2.Nf3 e6 3.d4 cxd4 4.Nxd4 Nc6 5.Nc3 Qc7 6.Be2 a6 7.O-O Nf6 8.Be3 Bb4
9.Na4 O-O 10.Nxc6 bxc6 11.Nb6 Rb8 12.Nxc8 Qxc8 13.Bd4 Be7 14.e5 Nd5 15.c4 Nf4
16.Re1 c5 17.Bc3 f6 18.Bf1 Ng6 19.exf6 Bxf6 20.Bxf6 Rxf6 21.Qd2 Qb7 22.b3 Nh4
23.Re3 Nf5 24.Rd3 Nd4 25.Rxd4 cxd4 26.Qxd4 a5 27.Rd1 Rf7 28.Qe3 a4 29.Rd3 axb3
30.axb3 Ra8 31.Qd2 Ra1 32.Qb2 Qa7 33.Rd2 Rf4 34.Qe5 Rf5 35.Qd6 Rfa5 36.Qe7 Rf5
37.g4 Rf7 38.Qe8+ Rf8 39.Qe7 Re1 40.Qd6 Qa1 41.Qd3 h5 42.h3 hxg4 43.hxg4 Rf4
44.f3 Qa7+ 45.Kg2 Re3 46.Qxd7 Qxd7 47.Rxd7 Rexf3 48.Bd3 Rf2+ 49.Kg1 Rb2 50.c5 Rxg4+
51.Kh1 Rg5 52.Bc4 Rxc5 53.Bxe6+ Kh7 54.Rd1 Kh6 55.Bf7 Kg5 56.Bc4 Re5 57.Rg1+ Kf6
58.Rf1+ Rf5 59.Ra1 Rff2 60.Re1  0-1

[Event "41st TCh-GRE"]
[Site "Rio (Achaia) GRE"]
[Date "2013.07.05"]
[Round "5.2"]
[White "Papastavropoulos,A"]
[Black "Miton,K"]
[Result "0-1"]
[WhiteElo "2214"]
[BlackElo "2606"]

1.e4 c5 2.Nf3 Nc6 3.d4 cxd4 4.Nxd4 e6 5.Nc3 Qc7 6.Nb3 Nf6 7.Bd3 a6 8.O-O Be7
9.Be3 d6 10.a4 b6 11.Qe2 O-O 12.f4 Bb7 13.h3 Nd7 14.f5 Bf6 15.fxe6 fxe6 16.Bc4 Rfe8
17.Bd3 Nc5 18.Nxc5 bxc5 19.Qh5 Ne5 20.Bg5 Bxg5 21.Qxg5 c4 22.Be2 Bc6 23.Qe3 Rab8
24.Rab1 Rb4 25.Qd4 Bxa4 26.Nxa4 Rxa4 27.Rfd1 Qc5 28.Kh2 Rb8 29.Qxd6 Qxd6
30.Rxd6 Kf7 31.Bg4 Nxg4+ 32.hxg4 Kf6 33.Rd7 Ra2 34.Rf1+ Ke5 35.Rxg7 Rbxb2
36.Rxh7 Rxc2 37.Rg1 Kxe4 38.Kg3 Ra3+ 39.Kh4 Raa2 40.Kg3 Rc3+ 41.Kh4 e5 42.g5 Rcc2
43.Kg3 Kf5 44.Rg7 Re2 45.Rf1+ Ke6 46.Rg6+ Kd5 47.Rd1+ Ke4 48.Rg1 Kf5 49.Rg8 c3
50.g6 Kg5 51.g7 Kg6 52.Rc8 Re3+ 53.Kh4 Kxg7 54.g4 Kf6 55.Rc6+ Ke7 56.Rc1 Ra3
57.Kg5 Kd7 58.Rf6 Ra4 59.Rd1+ Rd4 60.Rh1 Rd6 61.Rh7+ Kc6 62.Rff7 Kd5 63.Rc7 Rc6
64.Rhd7+ Kc5 65.Rxc6+ Kxc6 66.Rd8 Kc5 67.Kf5 Kb4 68.Rb8+ Ka3 69.Rc8 Kb2 70.Rb8+ Kc1
71.g5 Rg3 72.g6 e4 73.Rb4 e3 74.Re4 c2  0-1

[Event "41st TCh-GRE"]
[Site "Rio (Achaia) GRE"]
[Date "2013.07.05"]
[Round "5.5"]
[White "Berzina,I"]
[Black "Markantonaki,H"]
[Result "1-0"]
[WhiteElo "2276"]
[BlackElo "2150"]

1.e4 c5 2.Nf3 e6 3.d4 cxd4 4.Nxd4 Nc6 5.Nc3 Qc7 6.g3 a6 7.Bg2 d6 8.O-O Nxd4
9.Qxd4 Ne7 10.a4 Nc6 11.Qd1 Bd7 12.Ne2 Ne5 13.b3 Be7 14.Bb2 O-O 15.Nf4 Ng6
16.Nd3 b5 17.axb5 axb5 18.f4 Rxa1 19.Bxa1 f5 20.exf5 Rxf5 21.Qe2 Bf6 22.g4 Bxa1
23.gxf5 Bd4+ 24.Kh1 exf5 25.Re1 h6 26.c4 Kh7 27.Bd5 Qd8 28.Qg2 Qa5 29.Qe2 Qc3
30.cxb5 Bxb5 31.Qe6 Ne7 32.Qxe7 Bc6 33.Qe6 Bxd5+ 34.Qxd5 Qxd3 35.b4 h5 36.b5 Kh6
37.b6 Qd2 38.Qe6+ g6 39.b7 Qxf4 40.Qb3 Be5 41.Qe3  1-0

[Event "VIII Wroclaw Open A 2013"]
[Site "Wroclaw POL"]
[Date "2013.07.05"]
[Round "5.6"]
[White "Grela,K"]
[Black "Zakrzewski,Mare"]
[Result "1/2-1/2"]
[WhiteElo "2003"]
[BlackElo "2126"]

1.e4 c5 2.Nf3 e6 3.d4 cxd4 4.Nxd4 Nc6 5.Nc3 Qc7 6.Be2 a6 7.Be3 Nf6 8.O-O Bb4
9.Na4 b5 10.Nxc6 dxc6 11.Bc5 a5 12.Bxb4 axb4 13.Nc5 Qe5 14.Nd3 Qd4 15.Qd2 c5
16.c3 bxc3 17.bxc3 Nxe4 18.cxd4 Nxd2 19.Rfd1 Nc4 20.dxc5 Bd7 21.Bf3 Rc8 22.Rab1 Ke7
23.Kf1 Rhd8 24.Ke2 f6 25.Rdc1 Be8 26.a4 Bg6 27.Rc3 Rxd3 28.Rxd3 Ne5 29.Rdb3 Nxf3
30.Kxf3 Bxb1 31.Rxb1 bxa4 32.Rb7+ Kf8 33.Ra7 Rxc5 34.Rxa4 Kf7 35.h4 Rc3+
36.Ke2 f5 37.g3 Kf6 38.Ra6 f4 39.Kd2 Rb3 40.g4 h5 41.Ra4 g5 42.hxg5+ Kxg5
43.gxh5 Kg4 44.Ra6 Kxh5 45.Rxe6 Kg4 46.Ke2 Rb2+ 47.Kf1 Kf3 48.Kg1 Rb1+ 49.Kh2 Kxf2
50.Ra6 Rb2 51.Ra3 f3 52.Ra1 Rd2 53.Ra8 Re2 54.Ra1 Re1 55.Ra2+ Re2 56.Ra1 Rc2
57.Ra8 Rd2 58.Ra1 Rc2 59.Ra8 Rb2 60.Ra1 Ke3+ 61.Kg1 Kf4 62.Ra8 Rg2+ 63.Kf1 Rg5
64.Kf2 Rg2+ 65.Kf1 Rb2 66.Rf8+ Kg3 67.Rg8+ Kh3 68.Rh8+ Kg3 69.Rg8+  1/2-1/2

[Event "IsBank TCh-TUR 2013"]
[Site "Denizli TUR"]
[Date "2013.07.06"]
[Round "8.2"]
[White "Popov,Iv RUS"]
[Black "Gagunashvili,M"]
[Result "1/2-1/2"]
[WhiteElo "2632"]
[BlackElo "2601"]

1.e4 c5 2.Nf3 e6 3.d4 cxd4 4.Nxd4 Nc6 5.Nc3 Qc7 6.Ndb5 Qb8 7.Be3 a6 8.Bb6 axb5
9.Nxb5 Bb4+ 10.c3 Ba5 11.Nc7+ Qxc7 12.Bxc7 Bxc7 13.Qg4 g6 14.Bb5 Nge7 15.Qe2 d5
16.O-O O-O 17.Rfd1 dxe4 18.Qxe4 e5 19.a4 Bf5 20.Qe2 h5 21.h3 Kg7 22.b4 e4
23.a5 Ne5 24.a6 bxa6 25.Rxa6 Ng8 26.Rxa8 Rxa8 27.Qe3 Nf6 28.Qc5 Rc8 29.Ba6 Nd3
30.Qa7 Bb8 31.Qb6 Bc7 32.Qa7 Bb8 33.Qb6 Bc7 34.Qa7  1/2-1/2

[Event "IsBank TCh-TUR 2013"]
[Site "Denizli TUR"]
[Date "2013.07.06"]
[Round "9.4"]
[White "Emiroglu,C"]
[Black "Firat,B"]
[Result "0-1"]
[WhiteElo "2291"]
[BlackElo "2414"]

1.e4 c5 2.Nf3 e6 3.d4 cxd4 4.Nxd4 Nc6 5.Nc3 Qc7 6.Be3 Nf6 7.Bd3 Nxd4 8.Bxd4 Bc5
9.Be2 Qb6 10.Bxc5 Qxc5 11.Qd3 d6 12.O-O-O Ke7 13.Rd2 Rd8 14.Rhd1 e5 15.Qg3 Be6
16.Qxg7 Rg8 17.Qh6 Rxg2 18.Rxd6 Qxf2 19.Rf1 Rg6 20.Qd2 Rg1 21.Rxg1 Qxg1+
22.Bd1 Rg8 23.Kb1 Rg2 24.Qd3 Rg8 25.Qd2 Rg2 26.Qd3 Nd7 27.b4 Nb6 28.Rd8 Nc4
29.Rd5 Bxd5 30.exd5 Qd4 31.d6+ Nxd6 32.Qf3 Rd2 33.Kc1 Rxh2 34.Kb1 Qxb4+ 35.Kc1 Qf4+  0-1

[Event "EY Girls Teams 2013"]
[Site "Maribor SLO"]
[Date "2013.07.06"]
[Round "1"]
[White "Leks,M"]
[Black "Trippold,Denise"]
[Result "1-0"]
[WhiteElo "2109"]
[BlackElo "1794"]

1.e4 c5 2.Nf3 e6 3.d4 cxd4 4.Nxd4 Nc6 5.Nc3 Qc7 6.Be2 a6 7.O-O Nf6 8.Be3 Bb4
9.Nxc6 bxc6 10.Na4 O-O 11.Nb6 Rb8 12.Nxc8 Rfxc8 13.Bxa6 Rd8 14.Bg5 Bd6 15.Bxf6 gxf6
16.Qg4+ Kf8 17.Qh4 Be5 18.Rab1 Bxb2 19.Bc4 Be5 20.Rxb8 Qxb8 21.f4 Bd4+ 22.Kh1 Kg7
23.e5 f5 24.Rf3 Kf8 25.Rb3 Qa8 26.Qf6 Bc5 27.Rh3 Rb8 28.Bf1 Rb1 29.Rf3 Rb8
30.h3 Ke8 31.Rg3 Be7 32.Rg8+ Bf8 33.Kh2 Qa3 34.Be2 Qb4 35.Bh5 Qe7 36.Qh6 Ra8
37.Qxh7 Rxa2 38.Qh8 Rxc2 39.Rg7 c5 40.Qg8 Kd8 41.Rxf7 Qh4 42.Qxf8+  1-0

[Event "ch-BEL Open 2013"]
[Site "Antwerp BEL"]
[Date "2013.07.07"]
[Round "2.8"]
[White "Daels,M"]
[Black "Janssen,D"]
[Result "1-0"]
[WhiteElo "2213"]
[BlackElo "1935"]

1.e4 c5 2.Nf3 e6 3.d4 cxd4 4.Nxd4 Nc6 5.Nc3 Qc7 6.g3 a6 7.Bg2 Nf6 8.O-O Nxd4
9.Qxd4 Bc5 10.Bf4 d6 11.Qd2 Nd7 12.Na4 Ne5 13.Nxc5 Qxc5 14.Rfd1 Ke7 15.Be3 Qc7
16.c4 f6 17.Rac1 Rd8 18.c5 d5 19.c6 bxc6 20.exd5 exd5 21.Bxd5  1-0

[Event "V4 Int Open ch-SVK 2013"]
[Site "Banska Stiavnica SVK"]
[Date "2013.07.07"]
[Round "2.57"]
[White "Haring,Filip"]
[Black "Kralova,K"]
[Result "1-0"]
[WhiteElo "1742"]
[BlackElo "1911"]

1.e4 c5 2.Nf3 e6 3.d4 cxd4 4.Nxd4 Nc6 5.Nc3 Qc7 6.Be2 Nf6 7.a3 a6 8.Be3 d6
9.f4 Be7 10.g4 Nxd4 11.Bxd4 e5 12.Be3 exf4 13.Bxf4 h6 14.h3 Be6 15.Qd4 Qc5
16.O-O-O Rd8 17.Qxc5 dxc5 18.Rxd8+ Bxd8 19.Bd6 Ba5 20.b4 cxb4 21.axb4 Bd8
22.Rd1 Be7 23.e5 Nd7 24.Bf3 Bxd6 25.exd6 O-O 26.Nd5 f5 27.Ne7+ Kh7 28.gxf5 Bxf5
29.Nxf5 Rxf5 30.Be4 g6 31.Bxf5 gxf5 32.Kd2  1-0

[Event "IsBank TCh-TUR 2013"]
[Site "Denizli TUR"]
[Date "2013.07.07"]
[Round "10.1"]
[White "Safarli,E"]
[Black "Grachev,B"]
[Result "1/2-1/2"]
[WhiteElo "2660"]
[BlackElo "2683"]

1.e4 c5 2.Nf3 e6 3.d4 cxd4 4.Nxd4 Nc6 5.Nc3 a6 6.g3 d6 7.Bg2 Bd7 8.O-O Nf6
9.a4 Be7 10.Nb3 Na5 11.Nxa5 Qxa5 12.Bd2 Qc7 13.a5 Bc6 14.Be3 Nd7 15.Na4 O-O
16.Nb6 Nxb6 17.Bxb6 Qd7 18.c4 Bd8 19.Qd4 f5 20.Rfd1 Bxb6 21.axb6 Rad8 22.c5 fxe4
23.cxd6 Bd5 24.Rac1 Qxd6 25.Bxe4  1/2-1/2

[Event "41st TCh-GRE"]
[Site "Rio (Achaia) GRE"]
[Date "2013.07.07"]
[Round "7.1"]
[White "Pavlidis,Ana"]
[Black "Macieja,B"]
[Result "1/2-1/2"]
[WhiteElo "2362"]
[BlackElo "2583"]

1.e4 c5 2.Nf3 e6 3.d4 cxd4 4.Nxd4 Nc6 5.Nc3 Qc7 6.Be2 a6 7.O-O Nf6 8.Be3 Bb4
9.Na4 O-O 10.Nxc6 bxc6 11.Nb6 Rb8 12.Nxc8 Rfxc8 13.Bxa6 Rf8 14.Bd3 Bd6 15.g3 Rxb2
16.Bd4 Rbb8 17.Bxf6 gxf6 18.e5 Bxe5 19.Bxh7+ Kxh7 20.Qh5+ Kg7 21.Qg4+ Kh7
22.Qh5+ Kg8 23.Qg4+ Kh7  1/2-1/2

[Event "41st TCh-GRE"]
[Site "Rio (Achaia) GRE"]
[Date "2013.07.07"]
[Round "7.3"]
[White "Pavlidis,Ant"]
[Black "Banikas,H"]
[Result "1/2-1/2"]
[WhiteElo "2473"]
[BlackElo "2609"]

1.e4 c5 2.Nf3 e6 3.d4 cxd4 4.Nxd4 Nc6 5.Nc3 Qc7 6.Be2 a6 7.O-O Nf6 8.Be3 Bb4
9.Na4 O-O 10.c4 Be7 11.Nc3 Rd8 12.Rc1 b6 13.Nb3 Rb8 14.Qd2 Bb7 15.Rfd1 Ne5
16.f3 Ng6 17.Bf1 Ba8 18.Kh1 h6 19.Nd4 Qe5 20.Nde2 Bc5 21.Bd4 Qg5 22.b3 Rbc8
23.Na4 Qxd2 24.Rxd2 Bxd4 25.Nxd4 Rb8 26.c5 bxc5 27.Nxc5 a5 28.Nb5 d5 29.Nc7 dxe4
30.Rxd8+ Rxd8 31.Nxa8 Rxa8  1/2-1/2

[Event "41st TCh-GRE"]
[Site "Rio (Achaia) GRE"]
[Date "2013.07.07"]
[Round "7.8"]
[White "Vasiliadis,A"]
[Black "Terzis,F"]
[Result "1/2-1/2"]
[WhiteElo "1942"]
[BlackElo "1760"]

1.e4 c5 2.Nf3 e6 3.d4 cxd4 4.Nxd4 Nc6 5.Nc3 a6 6.Be2 Qc7 7.O-O Nf6 8.Bf3 Bb4
9.Nxc6 bxc6 10.a3 Bxc3 11.bxc3 d5 12.Re1 dxe4 13.Bxe4 Bb7 14.Bf3 c5 15.Bg5 O-O
16.Bxf6 gxf6 17.Be4 f5 18.Bxb7 Qxb7 19.Qd6 Rfd8 20.Qg3+ Kf8 21.Qh4 Rd5 22.Qxh7 Rad8
23.h4 Qb2 24.Qh8+ Ke7 25.Qg7 f4 26.Rab1 Qxc2 27.Rb7+ R8d7 28.Rxd7+ Rxd7 29.Qg5+ Ke8
30.Qxc5 Rd3 31.Qh5 Qb3 32.a4 f3 33.gxf3 Ke7 34.Qc5+ Ke8 35.Qc8+ Ke7 36.Qxa6 Qxc3
37.Qa7+ Kf6 38.Re4 Rd1+ 39.Kg2 Qc1 40.f4 Rg1+ 41.Kf3 Qd1+ 42.Re2 Qd5+ 43.Ke3 Qb3+
44.Ke4 Qd5+ 45.Ke3 Rd1 46.Qa6 Qb3+ 47.Ke4 Qd5+ 48.Ke3 Qb3+ 49.Ke4 Qd5+  1/2-1/2

[Event "Polugaevsky Mem 2013"]
[Site "Samara RUS"]
[Date "2013.07.07"]
[Round "6.3"]
[White "Fedoseev,Vl3"]
[Black "Geller,J"]
[Result "1/2-1/2"]
[WhiteElo "2515"]
[BlackElo "2549"]

1.e4 c5 2.Nf3 e6 3.d4 cxd4 4.Nxd4 Nc6 5.Nc3 Qc7 6.Be3 a6 7.Be2 Nf6 8.O-O Be7
9.f4 d6 10.Qe1 O-O 11.Qg3 Nxd4 12.Bxd4 b5 13.a3 Bb7 14.Kh1 Bc6 15.Rad1 Rac8
16.e5 dxe5 17.Bxe5 Qb7 18.f5 g6 19.fxe6 fxe6 20.Qh3 Rf7 21.Rf2 Rcf8 22.Rdf1 Bd7
23.Rf4 Bc6 24.b4 Bd8 25.R4f2 Qe7 26.Qg3 Nh5 27.Bxh5 Rxf2 28.Rxf2 Rxf2 29.Qxf2 gxh5
30.Ne2 Qg5 31.Bf4 Bb6 32.Qf1 Qf6 33.Qe1 h4 34.Ng1 Bd5 35.Qd2 Qf5 36.h3 Kf7
37.Kh2 Bxg1+ 38.Kxg1 Qe4 39.Qf2 Kg6 40.Bd6 e5 41.Be7 Kh5 42.Bxh4 Qxg2+ 43.Qxg2  1/2-1/2

[Event "V4 Int Open ch-SVK 2013"]
[Site "Banska Stiavnica SVK"]
[Date "2013.07.08"]
[Round "3.77"]
[White "Zicho,A"]
[Black "Cech,D"]
[Result "0-1"]
[WhiteElo "1618"]
[BlackElo "2094"]

1.e4 c5 2.Nf3 e6 3.d4 cxd4 4.Nxd4 Nc6 5.Nc3 Qc7 6.Be2 a6 7.O-O Nf6 8.Be3 Bb4
9.Bd3 Nxd4 10.Bxd4 e5 11.Be3 Bxc3 12.bxc3 d6 13.Bd2 Be6 14.Qe2 Rc8 15.f4 exf4
16.Rxf4 Nd7 17.a3 Ne5 18.Kh1 Qc5 19.Rb1 Rc7 20.Bxa6 bxa6 21.Qxa6 O-O 22.Rb4 Ra7
23.Qf1 Rxa3 24.h3 Rfa8 25.Qe2 Ng6 26.Rf2 Ra1+ 27.Kh2 Qe5+ 28.g3 R1a4 29.Rd4 Rxd4
30.cxd4 Qxd4 31.Rf3 Bc4 32.Qe1 Ra1 33.Qe3 Qxe3 34.Rxe3  0-1

[Event "IsBank TCh-TUR 2013"]
[Site "Denizli TUR"]
[Date "2013.07.08"]
[Round "11.4"]
[White "Soylu,S"]
[Black "Yener,C"]
[Result "1-0"]
[WhiteElo "2408"]
[BlackElo "1944"]

1.e4 c5 2.Nf3 Nc6 3.Nc3 e6 4.d4 cxd4 5.Nxd4 Nf6 6.Be2 a6 7.O-O Qc7 8.Be3 b5
9.Nxc6 dxc6 10.f4 Be7 11.Bf3 Bb7 12.a4 b4 13.Ne2 c5 14.Ng3 h5 15.e5 Ng4 16.Qe2 Nxe3
17.Qxe3 c4 18.Ne4 Bd5 19.Kh1 Rd8 20.Rad1 g6 21.Nd6+ Kf8 22.Bxd5 exd5 23.Rxd5 Bxd6
24.exd6 Rxd6 25.Qe5  1-0

[Event "St. Pauli Open 2013"]
[Site "Hamburg GER"]
[Date "2013.07.08"]
[Round "3.32"]
[White "Bildat,J"]
[Black "Soltau,A"]
[Result "0-1"]
[WhiteElo "2101"]
[BlackElo "1989"]

1.e4 c5 2.Nf3 e6 3.d4 cxd4 4.Nxd4 Nc6 5.Nc3 Nf6 6.Ndb5 d6 7.Bf4 e5 8.Bg5 a6
9.Na3 b5 10.Nd5 Be7 11.Bxf6 Bxf6 12.c4 Nd4 13.cxb5 O-O 14.b6 Bb7 15.Nc7 Bxe4
16.Nxa8 Qxa8 17.Rg1 Qc6 18.Rc1 Qxb6 19.Qd2 Qd8 20.Nc4 Bg5 21.Ne3 f5 22.Rc3 f4
23.Nc4 f3 24.Qd1 fxg2 25.Bxg2 Qf6 26.f3 Bh4+ 27.Kd2 Qf4+ 28.Re3 Bg6 29.Kc3 Bf7
30.Rge1 Qxh2 31.Bh1 Bxe1+ 32.Rxe1 Rc8 33.f4 Qg3+ 34.Kd2 Qxf4+ 35.Kc3 Nb5+
36.Kb3 Qxc4+  0-1

[Event "120th ch-SCO 2013"]
[Site "Helensburgh SCO"]
[Date "2013.07.08"]
[Round "3.7"]
[White "Newton,Andrew"]
[Black "Farago,I"]
[Result "0-1"]
[WhiteElo "1769"]
[BlackElo "2447"]

1.e4 c5 2.Nf3 e6 3.d4 cxd4 4.Nxd4 Nc6 5.Nc3 a6 6.f4 Qc7 7.Be2 d6 8.Be3 Nf6
9.a4 Be7 10.O-O Bd7 11.Kh1 O-O 12.Bf3 Rac8 13.Nb3 Na5 14.g4 Nc4 15.Bc1 d5
16.e5 Ne4 17.Nxe4 dxe4 18.Bxe4 f6 19.exf6 Bxf6 20.g5 Bc6 21.Qd3 Nxb2 22.Bxb2 Bxb2
23.Rab1 Rxf4 24.Rxf4 Qxf4 25.Bxc6 Be5 26.Qe2 Rxc6 27.Rf1 Rxc2 28.Rxf4 Rxe2
29.Rh4 b6 30.Nd4 Bxd4 31.Rxd4 Rb2 32.Rd7 Kf8 33.Rd4 a5 34.Rh4 Kg8 35.Re4 Kf7
36.Rc4 e5 37.Rc7+ Kg6 38.Re7 e4 39.Rxe4 Kxg5 40.Re7 Kf6 41.Rc7 h5 42.Rc6+ Kf5
43.Rc8 g5 44.Rf8+ Kg4 45.Rf1 Rb4 46.Ra1 h4 47.Ra3 Rb1+ 48.Kg2 h3+ 49.Kf2 Rh1
50.Rd3 Rxh2+ 51.Kg1 Rg2+ 52.Kh1 Rb2 53.Rd4+ Kg3 54.Rd3+ Kh4  0-1

[Event "EY Boys Teams 2013"]
[Site "Maribor SLO"]
[Date "2013.07.08"]
[Round "3"]
[White "Licznerski,L"]
[Black "Bratkovic,Jakob"]
[Result "1-0"]
[WhiteElo "2328"]
[BlackElo "1990"]

1.e4 c5 2.Nf3 Nc6 3.Nc3 e6 4.d4 cxd4 5.Nxd4 Qc7 6.Be3 a6 7.Bd3 Nf6 8.O-O Ne5
9.h3 Bc5 10.Kh1 d6 11.f4 Nc6 12.e5 Bxd4 13.Bxd4 Nxd4 14.exf6 gxf6 15.f5 Nc6
16.Ne4 Qe7 17.fxe6 Bxe6 18.Nxf6+ Kd8 19.Be4 Kc7 20.c3 Rad8 21.Nd5+ Bxd5 22.Bxd5 f6
23.b4 Qe5 24.a4 Rhe8 25.b5 axb5 26.axb5 Ne7 27.b6+ Kc8 28.Ra8+ Kd7 29.Qa4+ Nc6
30.Bxc6+ bxc6 31.Ra7+ Ke6 32.Qg4+ f5 33.Qc4+ Qd5 34.Re1+ Kf6 35.Qh4+  1-0

[Event "EY Boys Teams 2013"]
[Site "Maribor SLO"]
[Date "2013.07.08"]
[Round "4"]
[White "Bagi,M"]
[Black "Rindlisbacher,L"]
[Result "1/2-1/2"]
[WhiteElo "2369"]
[BlackElo "2315"]

1.e4 c5 2.Nf3 e6 3.d4 cxd4 4.Nxd4 Nc6 5.Nc3 d6 6.Be3 Nf6 7.f4 Be7 8.Qf3 e5
9.Nxc6 bxc6 10.f5 Rb8 11.O-O-O Qa5 12.Bc4 O-O 13.Bb3 d5 14.exd5 Rxb3 15.cxb3 cxd5
16.Rxd5 Nxd5 17.Nxd5 Bh4 18.Nc3 Rd8 19.Qe4 Be7 20.Rd1 Qc7 21.Rxd8+ Bxd8 22.Qa4 h5
23.Qxa7 Qxa7 24.Bxa7 Bxf5 25.b4 Bc8 26.a4 Bb7 27.g3 f5 28.Bb8 e4 29.a5 Kf7
30.Na4 Bc6 31.Nc5 Be7 32.Kd2 Bb5 33.Be5 g5 34.Ke3 Bxc5+ 35.bxc5 Ke6 36.Bc3 Kd5
37.b4 h4 38.Bf6 hxg3 39.hxg3 f4+ 40.gxf4 gxf4+ 41.Kxf4 Kc6 42.Kxe4 Ba6 43.Bc3 Bb5
44.Ke5 Ba6 45.Ke6 Bb5 46.Ke7 Ba6 47.Kd8 Bb5 48.Kc8 Ba6+ 49.Kb8 Bb5 50.Be1 Ba6
51.Ka7 Bb5 52.Bd2 Bc4 53.Be1 Bb5 54.a6 Bc4 55.Bh4 Bb5 56.Bg3 Bc4 57.Bh4 Bb5
58.Bg3 Bc4 59.Bh4 Bb5 60.Bf6 Bc4 61.Bh8 Bb5 62.Ba1 Bc4  1/2-1/2

[Event "3rd SPAChess Open"]
[Site "Amsterdam NED"]
[Date "2013.07.09"]
[Round "4.27"]
[White "Boelhouwer,Collin"]
[Black "De Ruiter,D"]
[Result "1/2-1/2"]
[WhiteElo "2103"]
[BlackElo "2254"]

1.e4 c5 2.Nf3 e6 3.d4 cxd4 4.Nxd4 Nc6 5.Nc3 Qc7 6.Be2 a6 7.O-O Nf6 8.Be3 Bb4
9.Na4 Be7 10.Nxc6 bxc6 11.Nb6 Rb8 12.Nxc8 Qxc8 13.Bd4 Qc7 14.Bxa6 e5 15.Bc3 Nxe4
16.Qg4 d5 17.Bd3 h5 18.Qh3 Nxc3 19.bxc3 g6 20.c4 e4 21.Be2 d4 22.f3 e3 23.f4 Qd7
24.f5 g5 25.Qf3 Bf6 26.Qe4+ Kf8 27.Rab1 Kg7 28.Rxb8 Rxb8 29.Bxh5 Rd8 30.Qd3 Rh8
31.Qe2 Qd6 32.Rb1 Qf4 33.g4 Rb8 34.Rxb8 Qxb8 35.c5 Qb4 36.Qd3 Be5 37.Kf1 Qb1+
38.Ke2 Qg1 39.Qb3 Qg2+ 40.Kd3 Qd5 41.Qxd5 cxd5 42.h4 gxh4 43.g5 h3 44.Bf3 h2
45.Bxd5 Bc7 46.c3 dxc3 47.c6 Bf4 48.c7 Bxc7 49.Kxc3 Bf4 50.Kd3 Bxg5 51.a4 Bf4
52.a5 Kf6 53.a6 Bb8 54.Kxe3 Ke5 55.Bh1 Kxf5 56.Kf3 Kg5  1/2-1/2

[Event "3rd SPAChess Open"]
[Site "Amsterdam NED"]
[Date "2013.07.09"]
[Round "4.3"]
[White "Dijkhuis,Tycho"]
[Black "Riemersma,L"]
[Result "0-1"]
[WhiteElo "2152"]
[BlackElo "2438"]

1.e4 c5 2.Nf3 e6 3.d4 cxd4 4.Nxd4 Nc6 5.Nc3 Qc7 6.Be2 a6 7.O-O Nf6 8.Be3 Be7
9.f4 d6 10.Kh1 O-O 11.Qe1 Nxd4 12.Bxd4 b5 13.a3 Bb7 14.Qg3 Rae8 15.Bf3 Rd8
16.Rae1 Kh8 17.e5 dxe5 18.Bxe5 Qb6 19.f5 Rd2 20.fxe6 fxe6 21.Be4 Rf7 22.Bxf6 gxf6
23.Qb8+ Bd8 24.Rd1 Bxe4  0-1

[Event "ch-BEL Open 2013"]
[Site "Antwerp BEL"]
[Date "2013.07.09"]
[Round "4.8"]
[White "Daels,M"]
[Black "De Vleeschauwer,M"]
[Result "1-0"]
[WhiteElo "2213"]
[BlackElo "2033"]

1.e4 c5 2.Nf3 e6 3.d4 cxd4 4.Nxd4 Nc6 5.Nc3 Qc7 6.g3 a6 7.Bg2 b5 8.O-O Bb7
9.Re1 d6 10.Nxc6 Bxc6 11.a4 b4 12.Nd5 Qb7 13.Bd2 a5 14.c3 Ne7 15.cxb4 exd5
16.b5 Bd7 17.exd5 Kd8 18.Bc3 Nf5 19.Qd2 Qb6 20.g4 Ne7 21.Bd4 Qb8 22.Rac1 h5
23.Qe3 Rh6 24.Bxg7 Ng8  1-0

[Event "Styrian Open A 2013"]
[Site "Bad Gleichenberg AUT"]
[Date "2013.07.09"]
[Round "4.23"]
[White "Hapala,L"]
[Black "Mesaros,Florian"]
[Result "0-1"]
[WhiteElo "2040"]
[BlackElo "2166"]

1.e4 c5 2.Nf3 e6 3.d4 cxd4 4.Nxd4 Nc6 5.Nc3 Qc7 6.f4 a6 7.Be2 b5 8.Nxc6 Qxc6
9.Bf3 Bb7 10.Be3 Rc8 11.Bd4 b4 12.e5 Qc7 13.Ne4 Nh6 14.Nd6+ Bxd6 15.exd6 Bxf3
16.gxf3 Qd8 17.Qd2 Nf5 18.O-O-O Rc4 19.Qf2 O-O 20.Rhg1 f6 21.h4 Qb8 22.Kb1 Kf7
23.h5 Rfc8 24.Rd2 Qb5 25.Qg2 a5 26.Qg4 a4 27.Rdg2 Rg8 28.Bf2 b3 29.axb3 axb3
30.cxb3 Qxb3 31.Bh4 Qd3+  0-1

[Event "V4 Int Open ch-SVK 2013"]
[Site "Banska Stiavnica SVK"]
[Date "2013.07.09"]
[Round "4.12"]
[White "Kavon,Rastislav"]
[Black "Korpa,B"]
[Result "0-1"]
[WhiteElo "1994"]
[BlackElo "2308"]

1.e4 c5 2.Nf3 e6 3.d4 cxd4 4.Nxd4 Nc6 5.Nc3 Qc7 6.Be3 a6 7.a3 Nf6 8.Be2 Be7
9.O-O O-O 10.f4 d6 11.Qe1 e5 12.fxe5 dxe5 13.Qg3 Nxd4 14.Bxd4 Bc5 15.Bxc5 Qxc5+
16.Kh1 Qe7 17.Bc4 b5 18.Bb3 Kh8 19.Qg5 h6 20.Qh4 Be6 21.Bxe6 Qxe6 22.Rf3 Rac8
23.Raf1 Nd7 24.Qf2 f6 25.Nd5 Rc4 26.Qe2 Nc5 27.Nc3 Qc6 28.Re1 Rd8 29.Re3 Na4
30.Nxa4 Rxc2 31.Qf1 bxa4 32.R3e2 Rdd2 33.h3 Rxe2 34.Rxe2 Qc4 35.Re1 Qxf1+
36.Rxf1 Rxb2 37.Rc1 Rb3 38.Rc6 Re3  0-1

[Event "IsBank TCh-TUR 2013"]
[Site "Denizli TUR"]
[Date "2013.07.09"]
[Round "12.2"]
[White "Semenova,El1"]
[Black "Yilmaz,M"]
[Result "0-1"]
[WhiteElo "2152"]
[BlackElo "2556"]

1.e4 c5 2.Nf3 e6 3.d4 cxd4 4.Nxd4 Nc6 5.Nc3 Qc7 6.Be2 a6 7.O-O Nf6 8.Be3 Be7
9.f3 O-O 10.Na4 b5 11.Nxc6 Qxc6 12.Nc3 b4 13.Nb1 d5 14.e5 Nd7 15.f4 f6 16.exf6 Bxf6
17.c3 Rb8 18.Bd4 bxc3 19.bxc3 Rb2 20.Bd3 Nc5 21.Bc2 Ne4 22.Bxe4 dxe4 23.Rf2 Bxd4
24.Qxd4 e5 25.Qxe5 Rxf2 26.Kxf2 Qb6+  0-1

[Event "3rd SPAChess Open"]
[Site "Amsterdam NED"]
[Date "2013.07.10"]
[Round "5.8"]
[White "Von Meijenfeldt,Bart"]
[Black "Van der Poel,H"]
[Result "1-0"]
[WhiteElo "2184"]
[BlackElo "2266"]

1.e4 c5 2.Nf3 e6 3.d4 cxd4 4.Nxd4 Nc6 5.Nc3 Qc7 6.Be3 a6 7.Qd2 Nf6 8.O-O-O Be7
9.f3 h5 10.Nxc6 bxc6 11.Bf4 e5 12.Bg5 d6 13.Bc4 Be6 14.Bb3 Rd8 15.Kb1 Qb7
16.Rhg1 Rd7 17.h3 h4 18.Rgf1 Bxb3 19.cxb3 Ng8 20.Be3 Rh5 21.f4 exf4 22.Bxf4 d5
23.Qe2 g6 24.Be3 Kf8 25.Qf2 Bb4 26.Bd4 Bxc3 27.bxc3 dxe4 28.Qe3 Nh6 29.Qxe4 Nf5
30.Rde1 Nxd4 31.Qxg6 Qb5 32.cxd4 Qd5 33.Rf4 Rb7 34.Qf6 Rxb3+ 35.Ka1 Rb7 36.Rg4 Rh7
37.Rg8+  1-0

[Event "3rd SPAChess Open"]
[Site "Amsterdam NED"]
[Date "2013.07.10"]
[Round "5.26"]
[White "Lentjes,N"]
[Black "De Ruiter,D"]
[Result "1/2-1/2"]
[WhiteElo "1995"]
[BlackElo "2254"]

1.e4 c5 2.Nf3 e6 3.d4 cxd4 4.Nxd4 Nc6 5.Nc3 Qc7 6.Be3 a6 7.Qd2 Nf6 8.O-O-O Bb4
9.f3 Ne5 10.Nb3 b5 11.Qd4 Nc6 12.Qd2 Ne5 13.Qd4 Nc6 14.Qd2 Ne5  1/2-1/2

[Event "3rd SPAChess Open"]
[Site "Amsterdam NED"]
[Date "2013.07.10"]
[Round "5.4"]
[White "Rijnaarts,S"]
[Black "In 't Veld,D"]
[Result "1-0"]
[WhiteElo "2360"]
[BlackElo "2232"]

1.e4 c5 2.Nf3 e6 3.d4 cxd4 4.Nxd4 Nc6 5.Nc3 d6 6.Be3 Nf6 7.f3 Be7 8.Qd2 O-O
9.O-O-O d5 10.exd5 Nxd5 11.Nxd5 Qxd5 12.c4 Qe5 13.f4 Qc7 14.Nb5 Qb8 15.Be2 Rd8
16.Qc2 Bd7 17.Nc3 Nb4 18.Qb1 Bc6 19.a3 Na6 20.Bd3 Bc5 21.Bxh7+ Kh8 22.Rxd8+ Qxd8
23.Bd2 Bxg2 24.Re1 Qd4 25.Be4 Rd8 26.Qc2 Qf2 27.Bxg2 Qxg2 28.Ne4 Be7 29.Be3 Qxc2+
30.Kxc2 b6 31.b4 Kh7 32.b5 Nc7 33.a4 f5 34.Nc3 g5 35.a5 Bc5 36.Bxc5 bxc5
37.fxg5 Kg6 38.b6 axb6 39.axb6 Na6 40.Rxe6+ Kxg5 41.Nd5 f4 42.Re5+ Kg4 43.Re4 Kg5
44.Kb3 f3 45.h4+ Kf5 46.Rf4+ Ke5 47.Rxf3 Rh8 48.Rf4 Nb4 49.Nxb4 Kxf4 50.Nc6  1-0

[Event "V4 Int Open ch-SVK 2013"]
[Site "Banska Stiavnica SVK"]
[Date "2013.07.10"]
[Round "5.46"]
[White "Kula,Dominik"]
[Black "Cech,D"]
[Result "1-0"]
[WhiteElo "1906"]
[BlackElo "2094"]

1.e4 c5 2.Nf3 e6 3.d4 cxd4 4.Nxd4 Nc6 5.Nc3 Qc7 6.g3 a6 7.Bg2 Nf6 8.O-O Nxd4
9.Qxd4 Bc5 10.Bf4 d6 11.Qd2 h6 12.Rad1 e5 13.Be3 Bg4 14.Bxc5 dxc5 15.f3 Be6
16.Nd5 Bxd5 17.exd5 O-O 18.Rfe1 Qd6 19.c4 Rad8 20.Re3 b5 21.b3 Rfe8 22.Rde1 e4
23.fxe4 Ng4 24.Rc3 b4 25.Rf3 a5 26.Rf5 Ne5 27.Ref1 Re7 28.Qf4 Ra8 29.g4 a4
30.g5 hxg5 31.Qxg5 Ng6 32.Re1 axb3 33.axb3 Re5 34.Ref1 Ra2 35.Qg3 Qe7 36.Bh3 Rxe4
37.Rxf7 Qe5 38.Be6 Qxg3+ 39.hxg3 Ree2 40.R7f5+ Rxe6 41.dxe6 Re2 42.Rxc5 Rxe6
43.Rc8+ Kh7 44.Rb8 Re3 45.Kf2  1-0